Fr. Conceicao Rodrigues College of Engineering

Concise Oxford Thesaurus:Dictionary of Synonyus (Record no. 23603)

MARC details
000 -LEADER
fixed length control field 00376nam a2200157Ia 4500
082 ## - DEWEY DECIMAL CLASSIFICATION NUMBER
Classification number 413.1
Item number KIR
100 ## - MAIN ENTRY--PERSONAL NAME
Personal name Kirkpatrick/ Betty
245 ## - TITLE STATEMENT
Title Concise Oxford Thesaurus:Dictionary of Synonyus
260 ## - PUBLICATION, DISTRIBUTION, ETC.
Name of publisher, distributor, etc. Oxford university press
Date of publication, distribution, etc. 2000
300 ## - PHYSICAL DESCRIPTION
Extent 895
546 ## - LANGUAGE NOTE
Language note ENGLISH
650 ## - SUBJECT ADDED ENTRY--TOPICAL TERM
Topical term or geographic name entry element General
654 ## - SUBJECT ADDED ENTRY--FACETED TOPICAL TERMS
Focus term Concise oxford dictionary
942 ## - ADDED ENTRY ELEMENTS (KOHA)
Koha item type BOOK
Holdings
Withdrawn status Lost status Damaged status Not for loan Collection Home library Current library Date acquired Inventory number Total Checkouts Full call number Barcode Date last seen Price effective from Koha item type
        CRC Fr. Agnel's C.Rodrigues College of Engineering Fr. Agnel's C.Rodrigues College of Engineering 17/03/2023 3757   413.1 KIR 11571 17/03/2023 17/03/2023 BOOK